000 00181nam a2200097Ia 4500
100 _a#N/A
942 _cBK
245 _aMASTERING UISUAL BASIC 6
260 _b#N/A
546 _aENGLISH
999 _c31920
_d31920